000 00904nam a22002657a 4500
005 20170123162328.0
010 _aA-556093
020 _c150.00
035 _aA-556093
037 _bCen Lib/Ret
040 _aDPL
_bUR
082 _a841
_bآ س ی
100 _aاسی رامنگاری
_9841
245 _aحرف حرف خواب /
_cاسی رامنگاری ؛ مرتب نسیم بنع علی
246 _aHarf harf khuwab /
_bby Asi Ramangari ; edited by Naseem Bin Ali
260 _aوارانسی
_bنسیم بنع علی
_c[s.n.]
270 _bوارانسی
_aپتھرا موغل سرائی
300 _a263p.
_c21cm(Hb)
650 _aادب - اردو
_9142424
650 _a اردو نظمیں
_9142425
650 _aLitrerature -- Urdu
_9142426
650 _aUrdu poems
_9142427
700 _aنسیم بنع علی
_9506
942 _2ddc
_cUR
_h841
_mآ س ی
999 _c107568
_d107568